000 00279nam a22001217a 4500
008 170310b xxu||||| |||| 00| 0 eng d
041 _aeng
080 _a616 002 77
100 _a7
101 _aSHM
245 _aCLINICAL IN THE RHEUMATIC DISEASE
_cROBBINS.L
942 _2udc
_cBK
999 _c7468
_d7468